| 000 | 00711nam a22002411 4500 | ||
|---|---|---|---|
| 999 |
_c8945 _d8945 |
||
| 001 | 8945 | ||
| 003 | BD-JhCC | ||
| 005 | 20180926092649.0 | ||
| 008 | 850412s1966 nyua b 000 0 eng | ||
| 035 | _a(BD-JhCC)8945 | ||
| 040 |
_aDLC/ICU _cICU _dDLC _dBD-JhCC |
||
| 041 | _aeng | ||
| 050 | 0 | 0 |
_aQC879.5 _b.W5 |
| 082 | 0 | 0 |
_a551.6354 _bWID 1966 |
| 100 | 1 | _aWidger, William K. | |
| 245 | 1 | 0 |
_aMeteorological satellites / _c[by] William K. Widger, Jr. Coordinating editor: James V. Bernardo. |
| 260 |
_aNew York, _bHolt, Rinehart and Winston _c[1966] |
||
| 300 |
_a280 p. _billus. _c21 cm. |
||
| 504 | _aBibliography: p. 255-276. | ||
| 650 | 0 | _aAstronautics in meteorology. | |
| 942 |
_2ddc _cBK |
||